Normal view
MARC view
Entry Topical Term
001 - CONTROL NUMBER
- control field: 21598
003 - CONTROL NUMBER IDENTIFIER
- control field: ENAL
005 - DATE AND TIME OF LATEST TRANSACTION
- control field: 20181015120402.0
008 - FIXED-LENGTH DATA ELEMENTS
- fixed length control field: 181015|| aca||aabn | a|a d
040 ## - CATALOGING SOURCE
- Original cataloging agency: ENAL
- Transcribing agency: ENAL
150 ## - HEADING--TOPICAL TERM
- Topical term or geographic name entry element: English language
- Form subdivision: Dictionaries
- General subdivision: Arabic
- General subdivision: French.
670 ## - SOURCE DATA FOUND
- Source citation: Work cat.: (ENAL): 21596, The dictionary of scientific terms in plant protection /, 2017.